Toán và nhwungx phương pháp cho trẻ làm quen vơi những biểu tưởng ban đầu về toán Bài giảng dùng cho hệ ĐTTHSP MN khóa 47 hệ 12+ 2
.
Đã lưu trong:
| Tác giả chính: | |
|---|---|
| Định dạng: | Sách |
| Năm xuất bản: |
Quảng Bình.
Đại học Quảng Bình
2007
|
| Chủ đề: | |
| Tags: |
Thêm thẻ
Không có thẻ, Hãy là người đầu tiên gắn thẻ bản ghi này!
|
| LEADER | 00709nam a2200169 4500 | ||
|---|---|---|---|
| 999 | |c 14439 |d 14439 | ||
| 082 | |a 372.7044 |b L250TH | ||
| 100 | |a Lê Thị Thu Hà | ||
| 245 | |a Toán và nhwungx phương pháp cho trẻ làm quen vơi những biểu tưởng ban đầu về toán |b Bài giảng dùng cho hệ ĐTTHSP MN khóa 47 hệ 12+ 2 |c Lê Thị Thu Hà | ||
| 260 | |a Quảng Bình. |b Đại học Quảng Bình |c 2007 | ||
| 300 | |a 70tr. |c 30cm | ||
| 520 | |a . | ||
| 653 | |a Giáo dục mâm non | ||
| 653 | |a Phương pháp dạy | ||
| 653 | |a Bài giảng | ||
| 942 | |2 ddc |c TC | ||
| 952 | |0 0 |1 0 |2 ddc |4 0 |6 372_704400000000000_L250TH |7 0 |9 111422 |a qbu |b qbu |c D1 |d 2017-07-14 |o 372.7044 L250TH |p BG298.c1 |r 2017-07-14 |w 2017-07-14 |y TC | ||